|
003 -Nazwa inst., której nr kontr. jest w polu 001 [,]
|
-
- @
- Nazwa instytucji, której n kontrolny jest w polu 001
- NUKAT
|
|
005 -DATA I CZAS OSTATNIEJ MODYFIKACJI [,]
|
-
- @
- pole kontrolne
- 20250502170826.0
|
|
020 -Międzynarod. znormalizowany nr książki - ISBN [ , ]
|
-
- a
- Numer ISBN
- 9788382728262
-
- q
- Dopowiedzenie
- (oprawa miękka) :
-
- c
- Terms of availability
- zł 99,90
|
|
040 -Instytucja sporządzająca opis [ , ]
|
-
- a
- Instytucja, która sporządziła opis (NP)
- MBPWR
-
- c
- Instytucja, która sporządziła rekord (NP)
- MBPWR
-
- d
- Instytucja, która zmodyfikowała rekord (P)
- MBPWR
-
- d
- Instytucja, która zmodyfikowała rekord (P)
- WA M
-
- d
- Instytucja, która zmodyfikowała rekord (P)
- KR 122
|
|
041 -Język dokumentu [1, ]
|
-
- a
- Język tekstu (P)
- polski
-
- h
- Język tekstu oryginalnego i/lub pośredniego (P)
- niemiecki
|
|
942 -Rodzaj dokumentu [ , ]
|
-
- c
- Rodzaj dokumentu
- Książka
|
|
245 -Strefa tytułu i oznaczenia odpowiedzialności [1,0]
|
-
- a
- Tytuł
- Neurocentryczny trening siłowy :
-
- b
- Ciąg dalszy tytułu (NP)
- rewolucja w treningu siłowym : jak zwiększyć wydolność i siłę poprzez trening układu nerwowego, poprawiając koordynację oraz kontrolę mięśni, aby osiągać najlepsze wyniki i wyeliminować kontuzje /
-
- c
- Pozostałe elementy strefy tytułu i oznaczenia odpowiedzialności (NP)
- Patrick Meinart ; [tłumaczenie: Maria Stożek-Dahl].
|
|
246 -Wariant tytułu [1, ]
|
-
- i
- Tekst wyświetlany na ekranie monitora (NP)
- Tytuł oryginału:
-
- a
- Tytuł (NP)
- Neue Krafttraining :
-
- b
- Ciąg dalszy tytułu (NP)
- wie du mit neurozentriertem training gehirn und muskeln optimal stimulierst, um deine performance zu steigern,
|
|
246 -Wariant tytułu [3,0]
|
-
- a
- Tytuł (NP)
- Rewolucja w treningu siłowym : jak zwiększyć wydolność i siłę poprzez trening układu nerwowego, poprawiając koordynację oraz kontrolę mięśni, aby osiągać najlepsze wyniki i wyeliminować kontuzje
|
|
250 -Strefa wydania [ , ]
|
-
- a
- Oznaczenie wydania (NP)
- Wydanie I.
|
|
260 -Strefa adresu wydawniczego [ , ]
|
-
- a
- Miejsce wydania (P)
- Białystok :
-
- b
- Nazwa wydawcy (P)
- Vital,
-
|
|
300 -Strefa opisu fizycznego [ , ]
|
-
- a
- Określenie formy książki i/lub objętość (NP)
- 272 strony :
-
- b
- Oznaczenie ilustracji (NP)
- fotografie, ilustracje, portrety ;
-
|
|
336 -Typ zawartości [ , ]
|
-
- a
- Termin opisujący typ zawartości
- Tekst
-
- b
- Kod określający zawartość
- txt
-
- 2
- Źródło (terminu i kodu)
- rdacontent
|
|
336 -Typ zawartości [ , ]
|
-
- a
- Termin opisujący typ zawartości
- Obraz
-
- b
- Kod określający zawartość
- sti
-
- 2
- Źródło (terminu i kodu)
- rdacontent
|
|
337 -Typ mediów [ , ]
|
-
- a
- Tryb odtwarzania
- Bez urządzenia pośredniczącego
-
-
- 2
- Źródło (terminu i kodu)
- rdamedia
|
|
338 -Typ/rodzaj nośnika [ , ]
|
-
- a
- Hasło opisujące typ nośnika
- Wolumin
-
-
- 2
- Źródło (terminu i kodu)
- rdacarrier
|
|
380 -Deskryptor - Forma dzieła (P) [ , ]
|
-
- a
- forma dzieła (NP)
- Książki
|
|
380 -Deskryptor - Forma dzieła (P) [ , ]
|
-
- a
- forma dzieła (NP)
- Poradniki i przewodniki
|
|
388 -Deskryptor - czas powstania dzieła (P) [1, ]
|
-
- a
- Czas powstania dzieła (NP)
- 2001-
|
|
650 -Hasło przedmiotowe [ ,7]
|
-
- a
- Hasło przedmiotowe
- Autonomiczny układ nerwowy
-
-
|
|
650 -Hasło przedmiotowe [ ,7]
|
-
- a
- Hasło przedmiotowe
- Ćwiczenia siłowe
-
-
|
|
650 -Hasło przedmiotowe [ ,7]
|
-
- a
- Hasło przedmiotowe
- Obwodowy układ nerwowy
-
-
|
|
650 -Hasło przedmiotowe [ ,7]
|
-
- a
- Hasło przedmiotowe
- Oddychanie
-
-
|
|
650 -Hasło przedmiotowe [ ,7]
|
-
- a
- Hasło przedmiotowe
- Sprawność motoryczna
-
-
|
|
650 -Hasło przedmiotowe [ ,7]
|
-
- a
- Hasło przedmiotowe
- Trening sportowy
-
-
|
|
655 -Hasło w funkcji tematu formalnego [ ,7]
|
-
-
-
|
|
655 -Hasło w funkcji tematu formalnego [ ,7]
|
-
- a
- Hasło
- Publikacja bogato ilustrowana
-
-
|
|
658 -Ujęcie treści [ , ]
|
-
- a
- dziedzina nauki i sztuki/ sfera aktywności życiowej
- Kultura fizyczna i sport
|